000 01868nam a2200265Ia 4500
005 20260410120627.0
008 130821s1948 ck ad fr spa
040 _aCo-BoUCM
_bspa
_cSandra Yazo (modificó)
_dSandra Yazo (modificó)
041 0 0 _aspa
082 0 4 _a330
_220
100 1 _aEchavarría Olózaga, Hernán
_d1911-2006
_953743
245 1 0 _aEmpleo pleno y otros temas
_cHernán Echavarría O.
260 _aBogotá (Colombia)
_bMinerva
_c1948
300 _a306 páginas .
_bilustraciones, gráficas
500 _aDetalles físicos: Encuadernación flexible, tapa delantera impresa en varias tintas, rotura en bordes. Guardas. Anteportada. Portada impresa en una sola tinta, sello de tinta. Texto impreso en una columna, notas al pie de página. Gráficas entre el texto. Notoria rotura en borde inferior en páginas 273 en adelante. Donación Dr. Álvaro Daza Roa. Transferencia al Archivo Histórico en el año 2025.
500 _aFondo Álvaro Daza Roa.
505 _aLo que se entiende por inflación ; La renta nacional y la acumulación de bienes de capital ; Algo sobre el incentivo para invertir ; Algunos aspectos de la inflación ; Control de precios y racionamiento ; algunas posibilidades de control de precios y racionamiento ; alza de sueldos y jornales ; Congelación de poder de compra ; Medidas de control de lujo y la capitalización ; tendencias de la teoría monetaria moderna ; Anotaciones a nuestro sistema monetario ; El cambio y la estabilización monetaria ; Crítica de la política económica en el Quinquenio 1941-46
506 _aConsulta en sala
600 7 _aKeynes, John Maynard
_xSistemas
_9111081
650 0 4 _aEmpleo
_xAspectos económicos
_9177184
650 0 4 _aInflación
_917570
650 0 4 _aSistemas económicos
_924652
690 _aEconomía
_9174
942 _cLIBRO
_a7
_e1
_mE182p
_2DEWEY
_h330
999 _c72211
_d72211